01436nam a2200301 a 4500001001000000003000900010005001700019008004100036020001500077040002500092082002300117100003300140245007200173260003600245300003600281504003100317590002700348650004300375651007300418651007700491910003700568942001400605952012600619952012600745952012000871952012600991999001701117000036072DO-SdBNP20250219074027.0100408s2006 dr c 000 0 spa d a9993479845 aDO-SdBNPbspacBNPHU 4a928.61bP438sp2221 aPérez, Isael,d1961-9141410aEscritores de la provincia San Pedro de Macorís /cIsael Pérez  aSanto Domingo :bBúho,c2006. a322 p. :bil., retrs. ;c23 cm. aBibliografía: p. 309-312 aInventariado, 2022/MFF 4aAutores dominicanos9230vBiografías 4aSan Pedro de Macorís (República Dominicana)924875vBiografías 4aSan Pedro de Macorís (República Dominicana)zVida intelectual962104 aValidado. Control de calidad MFF 2ddccLBS1 00102ddc56708DSaBNPHUbBNPHUcHDd2011-11-25oBNPHU R-DS 928.61 P438spp36072-30r2020-06-25te. 3w2020-06-25yLBS1 00102ddc56708DSaBNPHUbBNPHUcHDd2014-04-07oBNPHU R-DS 928.61 P438spp36072-40r2020-06-25te. 4w2020-06-25yLBS1 00102ddc51708PDaBNPHUbBNPHUcHDd2011-11-25oBNPHU R-PD 928.61 P438spp36072-10r2020-06-25w2020-06-25yLBS1 00102ddc51708PDaBNPHUbBNPHUcHDd2011-11-25oBNPHU R-PD 928.61 P438spp36072-20r2020-06-25te. 2w2020-06-25yLBS1 c35563d35563